Encyclopedia of information systems and services
Salvato in:
| Natura: | Libro |
|---|---|
| Lingua: | inglese |
| Pubblicazione: |
Detroit
Gale Research Co.
1981
|
| Edizione: | 4. ed. |
| Tags: |
Nessun Tag, puoi essere il primo ad aggiungerne!!
|
MARC
| LEADER | 00000nam a2200000 4500 | ||
|---|---|---|---|
| 001 | c129523 | ||
| 005 | 20041019155246.6 | ||
| 041 | 0 | |a eng | |
| 044 | |a US | ||
| 245 | 1 | 0 | |a Encyclopedia of information systems and services |
| 250 | |a 4. ed. | ||
| 264 | 1 | |a Detroit |b Gale Research Co. |c 1981 | |
| 300 | |a 933 s. | ||